000 00342 a2200157 4500
001 177763
020 _a
040 _cMagnum
100 _aAndrade, Maria Ines Chaves de
240 1 0 _aSacia-perereca
_lpor
245 1 0 _aSacia-perereca
362 0 _a1899
440 1 _aMiguilim
697 _aMAGNITO: IJ/AVENTURA, CRIANCAS
942 _cBK
999 _c177763
_d177763